000 03279cam a22003135a 4500
001 ocn698080411
003 OSt
005 20161227102735.0
008 110124s2009 stka frb 001 0 eng d
020 _z9780723434023
020 _z0723434026
040 _aOPELS
_beng
_cOPELS
_dIUD
_dEG-ScBUE
082 0 4 _a617.693
_222
_bORT
130 0 _aOrthodontic miniscrew implants (Online)
245 0 0 _aOrthodontic miniscrew implants :
_bclinical applications /
_cCheol-Ho Paik ... [et al.] ; consultant editor, Nigel Harradine.
260 _aEdinburgh :
_aNew York :
_bMosby / Elsevier,
_c2009.
300 _ax, 258 p. :
_bill. (some col.) ;
_c27 cm.
504 _aIncludes bibliographical references and index.
505 0 _a1. INTRODUCTION -- Case example -- About this book -- 2. BRIEF REVIEW OF THE USE OF IMPLANTS IN ORTHODONTICS -- Early research and development -- Later developments -- Miniscrews -- Terminology -- 3. MINISCREW IMPLANTS: CONCEPTS AND CONTROVERSIES -- Method of insertion: drill-free versus pre-drilling -- Primary stability: osseointegration versus mechanical interlocking -- Timing of loading: immediate versus delayed loading -- Loading characteristics and implant stability -- Secondary stability: bone remodeling around the miniscrew implant -- Miniscrew implant design and insertion and removal torque -- 4. TERMINOLOGY, DESIGN FEATURES AND ARMAMENTARIUM -- Terminology and design features -- Armamentarium -- 5. ANATOMIC CONSIDERATIONS AND PLACEMENT/REMOVAL OF ORTHODONTIC MINISCREW IMPLANTS -- Anatomic considerations -- Miniscrew implant placement and removal -- Post-placement instructions for the patient -- Timing of initial force application -- 6. MINISCREW IMPLANT ANCHORAGE FOR ANTEROPOSTERIOR TOOTH MOVEMENT -- Use of miniscrew implants for absolute anchorage when mesial movement of posterior teeth is not indicated -- Miniscrew implant anchorage for retraction of the entire dentition -- Miniscrew implant anchorage for molar distalization -- Miniscrew implant anchorage for anterior movement of posterior teeth -- -- 7. MINISCREW IMPLANT ANCHORAGE FOR INTRUSION OF TEETH -- Indications for intrusion -- Intrusion using miniscrews -- Design of the appliance -- Optimum force levels -- Occlusal and facial consequences of orthodontic intrusion -- Miniscrew implant anchorage for intrusion of the entire dentition -- Miniscrew implant anchorage for intrusion of posterior teeth -- Miniscrew implant anchorage for intrusion of anterior teeth -- 8. MINISCREW IMPLANT ANCHORAGE FOR TRANSVERSE AND ASYMMETRIC TOOTH MOVEMENT -- Transverse and asymmetric tooth movement -- 9. OTHER USES OF MINISCREW IMPLANTS -- Using miniscrew implants for intermaxillary fixation -- Local tooth movements -- 10. COMPLICATIONS AND THEIR MANAGEMENT -- Complications during and following insertion -- Complications during the loading period -- Complications during removal.
650 7 _aDental implants.
_2BUEsh
_935980
650 7 _aMalocclusion
_xtherapy.
_2BUEsh
650 7 _aDental implants.
_2BUEsh
_935980
650 2 2 _aOrthodontics, Corrective
_xmethods.
_2BUEsh
653 _bDDent
_cDecember2016
700 1 _aPaik, Cheol-Ho.
710 2 _aScienceDirect (Online service)
776 0 8 _iPrint version:
_w(DLC) 2008002274
_w(OCoLC)191127284
942 _2ddc
999 _c23751
_d23723